banner-ar

EXPLORAING AMERIC'S SCENIC HIGH WAYS / (Record no. 17083)

MARC details
000 -الفاتح
حقل البيانات ثابتة الطول 00573nam a2200181Ia 4500
008 - عناصر البيانات ثابتة الطول - معلومات عامة
حقل البيانات ثابتة الطول 140319s9999 xx 000 0 eng d
040 ## - مصدر الفهرسة
وكالة الفهرسة الأصلية GCL /
وكالة النسخ GCL
082 04 - رقم تصنيف ديوى العشرى
رقم التصنيف 917.304927
رقم المادة N E
100 1# - المدخل الرئيسى - إسم شخصى
الإسم الشخصى NATIONAL GEOGRAPHIC SOCIETY
245 10 - بيان العنوان
العنوان EXPLORAING AMERIC'S SCENIC HIGH WAYS /
بيان المسئوليه,etc NATIONAL GEOGRAPHIC SOCIETY
260 ## - PUBLICATION, DISTRIBUTION, ETC. (IMPRINT)
تاريخ النشر أو التوزيع 1985
300 ## - الوصف المادى
التعداد 200 P
650 04 - المدخل الاضافى بالموضوع-مصطلح موضوعى
مصطلح موضوعي UNITED STATES - DESCRIPTION AND TRAVELS
650 04 - المدخل الاضافى بالموضوع-مصطلح موضوعى
مصطلح موضوعي ROADS UNITED STATES GUIDE BOOK
650 04 - المدخل الاضافى بالموضوع-مصطلح موضوعى
مصطلح موضوعي AUTOMOBILES ROAD GUIDES UNITED
942 ## - عناصر المدخل الإضافي( كوها)
مصدر التصنيف او مخطط الترفيف Dewey Decimal Classification
Koha [default] item type كتاب
260 ## - PUBLICATION, DISTRIBUTION, ETC. (IMPRINT)
-- [S.N] :
-- NATIONAL GEOGRAPHIC SOCIETY ،
Holdings
حالة التراجع حالة الفقد حالة تلف ليس للاعارة المكان المؤقت الموقع الحالى تاريخ الاكتساب اجمالي اﻻعارات رقم الطلب الباركود تاريخ اخر مشاهدة تاريخ تفعيل السعر نوع وعاء كوها
        مكتبة القاهرة الكبرى مكتبة القاهرة الكبرى 03/26/2014   917.304927\N E 30825 03/26/2014 03/26/2014 كتاب
        مكتبة القاهرة الكبرى مكتبة القاهرة الكبرى 03/26/2014   917.304927\N E 30826 03/26/2014 03/26/2014 كتاب
        مكتبة القاهرة الكبرى مكتبة القاهرة الكبرى 03/26/2014   917.304927\N E 30827 03/26/2014 03/26/2014 كتاب
        مكتبة القاهرة الكبرى مكتبة القاهرة الكبرى 03/26/2014   917.304927\N E 30828 03/26/2014 03/26/2014 كتاب

Powered By

EGPV